000 00855nam a2200217Ia 4500
999 _c54229
_d54229
003 GCL
005 20240530105234.0
008 140319s1985 le 000 0 ara d
040 _aGCL /
_cGCL
082 0 4 _a929.1/
_bا ط
100 1 _aالاشرف الرسولى : ممهد الدين ابو حفص عمر بن يوسف بن عمر بن على بن رسول
245 1 0 _aطرفة الاصحاب فى معرفة الانساب /
_cتصنيف الاشرف عمر بن يوسف بن رسول ؛ حققة ك. و. سترستين
260 _aبيروت :
_bمنشورات المدينة ،
_c1985
300 _a229 ص ؛
_c24 سم
650 0 4 _aالعلم
650 0 4 _aالتاريخ
650 0 4 _aالانسان والاعراق
650 0 4 _aالانساب والاعراق
700 1 _aسترستين، ك. و
_eمحقق
942 _2ddc
_cBK